Catálogo
 En Linea

Del tradicionalismo a la modernidad / (Registro nro. 14070)

Detalles MARC
000 -CABECERA
campo de control de longitud fija 01049nam a2200265mi 4500
001 - NÚMERO DE CONTROL
campo de control 000014481
003 - IDENTIFICADOR DEL NÚMERO DE CONTROL
campo de control DO-SdBNP
005 - FECHA Y HORA DE LA ÚLTIMA TRANSACCIÓN
campo de control 20251029122142.0
008 - DATOS DE LONGITUD FIJA--INFORMACIÓN GENERAL
campo de control de longitud fija 860101s1976 ve af 000 0 spa d
035 ## - NÚMERO DE CONTROL DEL SISTEMA
Número de control de sistema OCLC ocm05640225 from D960502M
040 ## - FUENTE DE LA CATALOGACIÓN
Centro catalogador/agencia de origen DO-SdBNP
Centro/agencia transcriptor COO
Centro/agencia modificador EQO
082 ## - NÚMERO DE LA CLASIFICACIÓN DECIMAL DEWEY
Número de clasificación D0503886096
090 ## - LOCALMENTE ASIGNADO TIPO-LC NÚMERO DE CLASIFICACIÓN (OCLC); NÚMERO DE CLASIFICACIÓN LOCAL (RLIN)
Número de clasificación (OCLC) (R) ; Numero de clasificación, CALL (RLIN) (NR) JL3898.M9
Número cutter local (OCLC) ; Número de libro/Signatura topográfica íntegra, CALL (RLIN) M93
110 2# - ENTRADA PRINCIPAL--NOMBRE DE ENTIDAD CORPORATIVA
Nombre de entidad corporativa o nombre de jurisdicción como elemento de entrada Movimiento Electoral del Pueblo.
9 (RLIN) 32702
245 10 - MENCIÓN DE TÍTULO
Título Del tradicionalismo a la modernidad /
Mención de responsabilidad, etc. prólogo, Luis B. Prieto F.
260 ## - PUBLICACIÓN, DISTRIBUCIÓN, ETC.
Lugar de publicación, distribución, etc. [Caracas?] :
Nombre del editor, distribuidor, etc. Publicación de la Secretaría Nacional de Comunicaciones, [M.E.P,
Fecha de publicación, distribución, etc. 1976].
300 ## - DESCRIPCIÓN FÍSICA
Extensión 271 p., [6] leaves of plates :
Otras características físicas ill. ;
Dimensiones 18 cm.
500 ## - NOTA GENERAL
Nota general "10 de diciembre de 1976, 9 ̊aniversario del M.E.P."
610 20 - PUNTO DE ACCESO ADICIONAL DE MATERIA--NOMBRE DE ENTIDAD CORPORATIVA
Nombre de entidad corporativa o nombre de jurisdicción como elemento de entrada Movimiento Electoral del Pueblo
9 (RLIN) 32702
651 #0 - PUNTO DE ACCESO ADICIONAL DE MATERIA--NOMBRE GEOGRÁFICO
Nombre geográfico Venezuela
Subdivisión general Politica y gobierno
Subdivisión cronológica 1935-
9 (RLIN) 26230
700 1# - PUNTO DE ACCESO ADICIONAL--NOMBRE DE PERSONA
Nombre de persona Prieto F., Luis B.,
Fechas asociadas al nombre 1902-1993
Forma completa/desarrollada del nombre (Luis Beltrán Prieto Figueroa),
9 (RLIN) 83787
910 ## - DATOS DE OPCIÓN DEL USUARIO (OCLC)
Datos de opción del usuario Catalogación por copia /Oxford
942 ## - ELEMENTOS DE PUNTO DE ACCESO ADICIONAL (KOHA)
Fuente del sistema de clasificación o colocación Dewey Decimal Classification
Tipo de ítem Koha Libro
Existencias
Estado de retiro Estado de pérdida Restricciones de uso No para préstamo Código de colección Localización permanente Ubicación/localización actual Ubicación en estantería Fecha de adquisición Número de inventario Total de préstamos Signatura topográfica completa Código de barras Fecha visto por última vez Precio válido a partir de Tipo de ítem Koha
    Préstamo interno   Monografías: Libros y Folletos General General En catalogación 11.01.2010 LF1   D0503886096 14481-10 25.06.2020 25.06.2020 Préstamo interno

Con tecnología Koha